1131 1466 1985 1546 1683 1333 1624 1632 1270 1136 1310 1181 1852 1090 1241 1858 1536 1129 1141 1371 1386 1955 1287 1877 1351 1635 1130 1462 1048 1637 1835 1662 1818 1892 1465 1784 1967 1861 1324 1812 1751 1337 1263 1863 1351 1602 1994 1557 1053 1771 1711 1370 1293 1933 1969 1293 1190 1599 1430 1766 1962 1968 1630 1767 1974 1203 1091 1363 1805 1002 1038 1492 1927 1683 1553 1137 1815 1470 1631 1129 1775 1289 1908 1251 1947 1486 1549 1214 1069 1832 1345 1137 1075 1606 1845 1310 1068 1486 1251 BCNSPRNW ULIB Ver.6.0+V

เปลี่ยนเป็นภาษาไทย

Change to English
 แสดงรายละเอียดบรรณานุกรม
  กลับหน้าหลัก

Brief Record : Get Marc (ISO 2709) : E-mail record : QR code < ปิดหน้าต่าง
LEADER : 00000nam 2200000uu 4500
001    13399124934
003     ULIB
008    020711s2548 th a 000 0 tha d
020    9789749906200
099    นว.ม111ส
100    คึกฤทธิ์ ปราโมช
245    สี่แผ่นดิน
260     ^bนานมีบุคส์,^c2548
945    ^p695^l0^i023619
รายการนี้ยังไม่มีแท็ก
คุณยังไม่ได้ล็อกอิน คุณสามารถมีกิจกรรมร่วมกับเว็บไซต์ได้ แต่ต้องล็อกอินก่อน ::
  ล็อกอิน

รายการสื่อสารสนเทศ

ลำดับที่ ประเภท เลขเรียก/บาร์โค้ด สถานที่ สถานะ
1. นวนิยาย
นวนิยาย
นว.ม111ส ฉ.1 
  Barcode: 023619
ห้องสมุดวิทยาเขตสวรรค์ประชารักษ์
►นวนิยาย
ถูกยืม กำหนดส่งวันที่ 6 มีนาคม 2567
  จอง

รายการใกล้เคียง
    ชื่อเรื่อง [สี่แผ่นดิน]

BibComment


ยังไม่เคยถูกคอมเมนท์

คอมเมนท์ทรัพยากรรายการนี้
  คอมเมนท์: สี่แผ่นดิน


 Copyright 2026. Bcnsprnw @Library